Minecraft Items - M (26.1) - Statistics

General Stats
  • This quiz has been taken 4 times
  • The average score is 34 of 90
Answer Stats
Items % Correct
Melon
75%
Melon Slice
75%
Moss Block
75%
Mossy Cobblestone
75%
Mossy Cobblestone Slab
75%
Mud
75%
Mace
50%
Magenta Bed
50%
Magenta Bundle
50%
Magenta Candle
50%
Magenta Carpet
50%
Magenta Concrete
50%
Magenta Concrete Powder
50%
Magenta Dye
50%
Magenta Glazed Terracotta
50%
Magenta Stained Glass
50%
Magenta Stained Glass Pane
50%
Magenta Terracotta
50%
Magenta Wool
50%
Magma Block
50%
Magma Cream
50%
Mangrove Boat
50%
Mangrove Boat with Chest
50%
Mangrove Button
50%
Mangrove Door
50%
Mangrove Fence
50%
Mangrove Fence Gate
50%
Mangrove Hanging Sign
50%
Mangrove Leaves
50%
Mangrove Log
50%
Mangrove Planks
50%
Mangrove Pressure Plate
50%
Mangrove Propagule
50%
Mangrove Roots
50%
Mangrove Shelf
50%
Mangrove Sign
50%
Mangrove Slab
50%
Mangrove Stairs
50%
Mangrove Trapdoor
50%
Mangrove Wood
50%
Melon Seeds
50%
Moss Carpet
50%
Mossy Cobblestone Stairs
50%
Mossy Cobblestone Wall
50%
Mossy Stone Bricks
50%
Mossy Stone Brick Slab
50%
Mossy Stone Brick Stairs
50%
Mossy Stone Brick Wall
50%
Mud Bricks
50%
Mushroom Stew
50%
Mycelium
50%
Magenta Banner
25%
Magenta Harness
25%
Magenta Shulker Box
25%
Map
25%
Milk Bucket
25%
Minecart
25%
Minecart with Chest
25%
Minecart with Hopper
25%
Mud Brick Slab
25%
Mud Brick Stairs
25%
Mud Brick Wall
25%
Muddy Mangrove Roots
25%
Mushroom Stem
25%
Music Disc (11)
25%
Music Disc (13)
25%
Music Disc (5)
25%
Music Disc (cat)
25%
Music Disc (Creator)
25%
Music Disc (Creator (Music Box))
25%
Music Disc (Lava Chicken)
25%
Music Disc (otherside)
25%
Music Disc (Pigstep)
25%
Music Disc (Precipice)
25%
Music Disc (Relic)
25%
Music Disc (strad)
25%
Music Disc (Tears)
25%
Music Disc (wait)
25%
Medium Amethyst Bud
0%
Minecart with Furnace
0%
Minecart with TNT
0%
Miner Pottery Sherd
0%
Mourner Pottery Sherd
0%
Music Disc (blocks)
0%
Music Disc (chirp)
0%
Music Disc (far)
0%
Music Disc (mall)
0%
Music Disc (mellohi)
0%
Music Disc (stal)
0%
Music Disc (ward)
0%
No matching quizzes found
Score Distribution
Percent of People with Each Score
Percentile by Number Answered
Your Score History
You have not taken this quiz